Modernizácia v LR Crystal zrýchlila rast firmy

Hospodárenie firmy LR Crystal, a.s. Lednické Rovne v r. 1999 a 2000. Nárast tržieb. Zvýšenie obchodných aktivít a investícií do modernizácie v posledných rokoch. Investície aj do ľudských zdrojov. Počet pracovníkov. Kvartálne plánovanie výroby. Väčšina výroby (96 perc.) putuje do zahraničia, kde má...

Descrizione completa

Salvato in:
Dettagli Bibliografici
Autore principale: Hrúz, Juraj
Natura: Capitolo di libro
Lingua:slovacco
Soggetti:
Tags: Aggiungi Tag
Nessun Tag, puoi essere il primo ad aggiungerne!!

MARC

LEADER 00000naa a2200000 4500
001 r040035
005 20230921110312.9
041 0 |a slo 
044 |a SK 
245 1 0 |a Modernizácia v LR Crystal zrýchlila rast firmy  |c Juraj Hrúz 
520 |a Hospodárenie firmy LR Crystal, a.s. Lednické Rovne v r. 1999 a 2000. Nárast tržieb. Zvýšenie obchodných aktivít a investícií do modernizácie v posledných rokoch. Investície aj do ľudských zdrojov. Počet pracovníkov. Kvartálne plánovanie výroby. Väčšina výroby (96 perc.) putuje do zahraničia, kde má spoločnosť obchodné zastúpenia. LR Crystal nepotrebuje podporu štátu pri exporte. Krajiny, do ktorých firma vyváža. 
610 2 0 |a hospodárenie finančné 
610 2 0 |a hospodárenie podnikové 
610 2 0 |a sklo 
610 2 0 |a výroba 
610 2 0 |a modernizácia 
610 2 0 |a vývoz 
610 2 0 |a trh zahraničný 
610 2 0 |a investície 
610 2 0 |a počet pracovníkov 
610 2 0 |a zastupiteľstvá obchodné 
610 2 0 |a LR Crystal, a.s. Lednické Rovne 
100 1 |a Hrúz, Juraj